[Event "Xtracon Chess Open 2016"]
[Site "Elsinore"]
[Date "2016.07.25"]
[Round "4.159"]
[White "Kharraziha, Hamid"]
[Black "Rasmussen, Jonas H"]
[Result "1/2-1/2"]
[WhiteElo "1427"]
[BlackElo "1805"]
[PlyCount "75"]
[EventDate "2016.07.23"]

1. e4 e5 2. Nc3 Nf6 3. f4 d6 4. Nf3 Nc6 5. Bb5 Bd7 6. d4 exd4 7. Nxd4 Nxd4 8.
Bxd7+ Qxd7 9. Qxd4 Be7 10. O-O O-O 11. f5 Ng4 12. Nd5 c6 13. Nxe7+ Qxe7 14. h3
Ne5 15. f6 gxf6 16. Rf5 Kg7 17. Qe3 Ng6 18. Qh6+ Kg8 19. Rh5 Rfd8 20. Qxh7+ Kf8
21. Bh6+ Ke8 22. Re1 Kd7 23. Rf5 Nh4 24. Bf8 Nf3+ 25. Rxf3 Rxf8 26. Qf5+ Qe6
27. b3 Rae8 28. Qxf6 Qe5 29. Qf5+ Re6 30. Qxe5 Rxe5 31. Rf5 Re6 32. c4 a6 33.
a4 Ke7 34. Re3 Rg8 35. g4 Rh6 36. Rg3 Re6 37. Re3 Rh6 38. Rg3 1/2-1/2

[Event "Xtracon Chess Open 2016"]
[Site "Elsinore"]
[Date "2016.07.25"]
[Round "4.160"]
[White "Gula, Julian"]
[Black "Ronnestad, Liam Jansson"]
[Result "1-0"]
[WhiteElo "1801"]
[BlackElo "1502"]
[PlyCount "119"]
[EventDate "2016.07.23"]

1. d4 Nf6 2. c4 e5 3. dxe5 Ng4 4. e3 Nxe5 5. Nh3 Bc5 6. Nc3 O-O 7. Be2 Nbc6 8.
O-O a5 9. Nf4 d6 10. b3 Re8 11. Bb2 Ne7 12. Na4 N7c6 13. Nd5 Bf5 14. a3 Re6 15.
Nxc5 dxc5 16. Nf4 Rd6 17. Qc1 Rh6 18. g3 Bg4 19. Bxg4 Nxg4 20. h3 Nge5 21. Kg2
Qc8 22. Rh1 Qf5 23. Qb1 Qxb1 24. Raxb1 Rd6 25. Rbd1 Rad8 26. Rd5 Nd7 27. Rxd6
cxd6 28. Rd1 Nb6 29. Nd5 Nxd5 30. Rxd5 f6 31. e4 Kf7 32. f4 b6 33. Kf3 g6 34.
Rd3 Ke6 35. g4 Rd7 36. Kg3 Rb7 37. f5+ Ke7 38. Bxf6+ Kxf6 39. Rxd6+ Ke5 40.
Rxc6 gxf5 41. exf5 Kd4 42. Re6 a4 43. bxa4 Kxc4 44. f6 Kb3 45. Re7 Rb8 46. f7
Rf8 47. Kf4 c4 48. Kg5 c3 49. Kf6 Rc8 50. Kg7 c2 51. Re1 Kb2 52. f8=Q Rxf8 53.
Kxf8 c1=Q 54. Rxc1 Kxc1 55. Kg7 Kb2 56. Kxh7 Kxa3 57. g5 Kxa4 58. g6 b5 59. g7
b4 60. g8=Q 1-0

[Event "Xtracon Chess Open 2016"]
[Site "Elsinore"]
[Date "2016.07.25"]
[Round "4.161"]
[White "Sather, Lars"]
[Black "Linjord, David Jess"]
[Result "0-1"]
[WhiteElo "1799"]
[BlackElo "1488"]
[PlyCount "104"]
[EventDate "2016.07.23"]

1. e4 e6 2. d4 b6 3. Nf3 Bb7 4. Bd3 c5 5. c3 d5 6. exd5 Bxd5 7. Bb5+ Bc6 8. Qa4
Qd7 9. Bxc6 Qxc6 10. Qd1 Nf6 11. O-O Be7 12. Bg5 Nbd7 13. Ne5 Nxe5 14. dxe5 Nd5
15. Bxe7 Nxe7 16. Qg4 O-O-O 17. Na3 h5 18. Qe2 Nf5 19. Rad1 h4 20. Rxd8+ Rxd8
21. Rd1 Rxd1+ 22. Qxd1 h3 23. Qg4 Qxg2+ 24. Qxg2 hxg2 25. Kxg2 a6 26. Kf3 b5
27. Nc2 Kd7 28. Ne1 a5 29. Ke4 Kc6 30. Nd3 c4 31. Nf4 b4 32. Ne2 Kc5 33. f4 Kc6
34. Ng3 Nxg3+ 35. hxg3 Kc5 36. g4 g6 37. f5 exf5+ 38. gxf5 gxf5+ 39. Kxf5 Kd5
40. Kf4 Kc6 41. Kf5 Kd5 42. Kf4 Kc6 43. Ke4 Kc5 44. e6 fxe6 45. Ke5 a4 46.
cxb4+ Kxb4 47. Kd4 e5+ 48. Kxe5 a3 49. bxa3+ Kxa3 50. Kd4 Kb4 51. Ke3 Kc3 52.
Ke2 Kb2 0-1

[Event "Xtracon Chess Open 2016"]
[Site "Elsinore"]
[Date "2016.07.25"]
[Round "4.162"]
[White "Zakariassen, Tom"]
[Black "Janse, Circe"]
[Result "1-0"]
[WhiteElo "1797"]
[BlackElo "1427"]
[PlyCount "87"]
[EventDate "2016.07.23"]

1. f4 d5 2. Nf3 g6 3. e3 Nf6 4. d4 Bg7 5. Bd3 O-O 6. O-O Qd6 7. Nbd2 c5 8. c3
Nc6 9. Ne5 Bd7 10. b3 a6 11. Bb2 b5 12. Rc1 c4 13. bxc4 bxc4 14. Nxd7 Qxd7 15.
Bb1 Ng4 16. Qe2 f5 17. Nf3 Rab8 18. Ba3 Rb7 19. h3 Nf6 20. Ne5 Nxe5 21. fxe5
Ne4 22. Bxe4 fxe4 23. Rxf8+ Bxf8 24. Qc2 Bh6 25. Re1 Qd8 26. Qa4 Qb8 27. Qc6
Rb1 28. Qxd5+ Kh8 29. Rxb1 Bxe3+ 30. Kh2 Bf4+ 31. g3 Qxb1 32. Qd8+ Kg7 33.
Qxe7+ Kh6 34. Qf8+ Kh5 35. Qxf4 Qc2+ 36. Kg1 Qd1+ 37. Kg2 Qe2+ 38. Qf2 Qxf2+
39. Kxf2 Kg5 40. Ke3 Kf5 41. g4+ Ke6 42. Kxe4 h5 43. gxh5 gxh5 44. d5+ 1-0

[Event "Xtracon Chess Open 2016"]
[Site "Elsinore"]
[Date "2016.07.25"]
[Round "4.163"]
[White "Trasti, Nora Christine"]
[Black "Dittrich, Hans-Georg"]
[Result "1-0"]
[WhiteElo "1367"]
[BlackElo "1795"]
[PlyCount "49"]
[EventDate "2016.07.23"]

1. d4 c5 2. d5 d6 3. e4 g6 4. g3 Bg7 5. Bg2 e6 6. Nc3 Ne7 7. Nge2 exd5 8. exd5
O-O 9. Bg5 h6 10. Bf4 g5 11. Bc1 Bg4 12. Qd3 Ng6 13. f4 Bxc3+ 14. bxc3 Bxe2 15.
Kxe2 a6 16. Kf2 gxf4 17. gxf4 Qh4+ 18. Qg3 f5 19. Bd2 c4 20. Rae1 Nd7 21. Re6
Rf6 22. Rhe1 Nc5 23. Qxh4 Nxh4 24. Rxf6 Nxg2 25. Rg6+ 1-0

[Event "Xtracon Chess Open 2016"]
[Site "Elsinore"]
[Date "2016.07.25"]
[Round "4.164"]
[White "Amarapala, Sheroni"]
[Black "Winther, Bjarke Rosenborg"]
[Result "0-1"]
[WhiteElo "1330"]
[BlackElo "1786"]
[PlyCount "114"]
[EventDate "2016.07.23"]

1. e4 c5 2. Nf3 d6 3. d4 cxd4 4. Nxd4 Nf6 5. Nc3 a6 6. a4 e5 7. Nf3 Be6 8. h3
Be7 9. Bg5 Nbd7 10. Be2 O-O 11. O-O h6 12. Bh4 Nc5 13. Nd2 Qb6 14. Qc1 Rfe8 15.
Re1 Rad8 16. Bg3 Qc6 17. Bc4 Bxc4 18. Nxc4 Ncxe4 19. Nxe4 Qxc4 20. Nd2 Qc6 21.
f3 Nh5 22. Bf2 Bg5 23. Qd1 Bf4 24. Ne4 f5 25. Nc3 Bg3 26. Bxg3 Nxg3 27. Nd5
Qc5+ 28. Kh2 Qf2 29. Nc7 Re7 30. Nd5 Red7 31. Ne3 f4 32. Ng4 Qc5 33. Qd2 Qc4
34. b3 Qf7 35. Qd3 Nf5 36. Rad1 Kh8 37. Qe4 Nd4 38. Kh1 Qf5 39. Qxf5 Nxf5 40.
Nf2 Nd4 41. Rd2 Rc8 42. Rc1 Nxb3 43. cxb3 Rxc1+ 44. Kh2 Rc3 45. Ne4 Rxb3 46.
Rxd6 Rxd6 47. Nxd6 Kg8 48. Kg1 b5 49. axb5 axb5 50. Kf1 Kf8 51. Ke2 Ke7 52. Ne4
Rb2+ 53. Kf1 b4 54. g3 fxg3 55. Nxg3 b3 56. Ne2 Rxe2 57. Kxe2 b2 0-1

[Event "Xtracon Chess Open 2016"]
[Site "Elsinore"]
[Date "2016.07.25"]
[Round "4.165"]
[White "Arbeus, Carl Johan"]
[Black "Hestholm, Sverre"]
[Result "1-0"]
[WhiteElo "1784"]
[BlackElo "1418"]
[PlyCount "113"]
[EventDate "2016.07.23"]

1. c4 c5 2. Nf3 g6 3. d4 cxd4 4. Nxd4 Nc6 5. e4 Bg7 6. Nxc6 bxc6 7. Nc3 Ba6 8.
Be2 c5 9. O-O Qc7 10. Nd5 Qb7 11. Qc2 e6 12. Nc3 Ne7 13. Be3 d6 14. Rfd1 Rd8
15. h4 O-O 16. b3 Bxc3 17. Qxc3 Qxe4 18. Bh6 Nf5 19. Bf3 Qxh4 20. Bxf8 Rxf8 21.
Qc2 Nd4 22. Qe4 Qxe4 23. Bxe4 Kg7 24. Rd2 Rd8 25. Rad1 Kf8 26. g4 Ke7 27. Kg2
Bc8 28. Rh1 Rh8 29. g5 f5 30. gxf6+ Kxf6 31. Rd3 Kg7 32. b4 Rd8 33. bxc5 dxc5
34. Ra3 Rd7 35. Rb1 Rc7 36. Rb8 Bd7 37. Rb7 Rxb7 38. Bxb7 Nc6 39. Ra6 Nb4 40.
Rxa7 Kf6 41. Be4 Ke5 42. Rxd7 Kxe4 43. a4 h5 44. a5 Ke5 45. Kg3 Ke4 46. f3+ Ke5
47. f4+ Ke4 48. Rd6 Kf5 49. a6 Nxa6 50. Rxa6 e5 51. fxe5 Kxe5 52. Rxg6 Kd4 53.
Kf3 Kxc4 54. Ke3 Kc3 55. Rg5 c4 56. Rxh5 Kc2 57. Kd4 1-0

[Event "Xtracon Chess Open 2016"]
[Site "Elsinore"]
[Date "2016.07.25"]
[Round "4.166"]
[White "Hestholm, Freddy"]
[Black "Pedersen, Carl Aage"]
[Result "0-1"]
[WhiteElo "1281"]
[BlackElo "1781"]
[PlyCount "104"]
[EventDate "2016.07.23"]

1. e4 c5 2. d4 cxd4 3. c3 d3 4. Bxd3 d6 5. Nf3 Nc6 6. O-O g6 7. Be3 Bg7 8. Qd2
Nf6 9. Bh6 O-O 10. Bxg7 Kxg7 11. Qe3 Qc7 12. Re1 Bd7 13. Nbd2 Rad8 14. Nc4 b5
15. e5 Ng4 16. Qf4 bxc4 17. exd6 Qxd6 18. Qxd6 exd6 19. Bxc4 Nge5 20. Nxe5 Nxe5
21. Bb3 Bb5 22. f4 Nd3 23. Re7 Rd7 24. Rxd7 Bxd7 25. Rd1 Nxf4 26. Rxd6 Be6 27.
Bc2 Rb8 28. b3 Ne2+ 29. Kf2 Nxc3 30. Ra6 Rb7 31. Ke3 Nd5+ 32. Kd2 Nb4 33. Ra4
Nxc2 34. Kxc2 Rc7+ 35. Kb2 Bc8 36. g4 h6 37. h4 a6 38. Ra5 Rc6 39. g5 Bf5 40.
b4 hxg5 41. hxg5 f6 42. b5 axb5 43. Ra7+ Kf8 44. Ra8+ Rc8 45. Rxc8+ Bxc8 46.
gxf6 Kf7 47. Kc1 Kxf6 48. a3 Kf5 49. Kd1 Kf4 50. Ke1 Kg3 51. Kf1 Kh2 52. Kf2 g5
0-1

[Event "Xtracon Chess Open 2016"]
[Site "Elsinore"]
[Date "2016.07.25"]
[Round "4.167"]
[White "Nielsen, Kai Gylling"]
[Black "Palozza, Flavio"]
[Result "1-0"]
[WhiteElo "1780"]
[BlackElo "1342"]
[PlyCount "83"]
[EventDate "2016.07.23"]

1. c4 e5 2. Nc3 Nf6 3. Nf3 Nc6 4. d3 g6 5. g3 Bg7 6. Bg2 d6 7. O-O O-O 8. a3 a5
9. Rb1 Be6 10. Qb3 Qd7 11. Ng5 Rfb8 12. Nxe6 Qxe6 13. Qa4 Nd4 14. Qd1 c6 15. e3
Nf5 16. Bh3 Nxe3 17. Bxe6 Nxd1 18. Bxf7+ Kxf7 19. Rxd1 d5 20. Re1 Re8 21. Bg5
d4 22. Bxf6 Bxf6 23. Ne4 Rad8 24. c5 Be7 25. b4 axb4 26. Rxb4 Rb8 27. Reb1 b5
28. a4 Rec8 29. axb5 Rxb5 30. Rxb5 cxb5 31. Rxb5 Ke6 32. Kg2 Kd5 33. Rb7 Bxc5
34. Rxh7 Rb8 35. g4 Rb3 36. Rh3 Bb4 37. Rg3 Bc3 38. h4 Rb7 39. h5 gxh5 40. gxh5
Rb8 41. Rg6 Rh8 42. Rd6# 1-0

[Event "Xtracon Chess Open 2016"]
[Site "Elsinore"]
[Date "2016.07.25"]
[Round "4.171"]
[White "Nesse, David"]
[Black "Choong, Liong-On Mark"]
[Result "0-1"]
[WhiteElo "1604"]
[BlackElo "1944"]
[PlyCount "82"]
[EventDate "2016.07.23"]

1. e4 c5 2. Nc3 Nc6 3. g3 g6 4. Bg2 Bg7 5. d3 a6 6. f4 e6 7. Nh3 Nge7 8. O-O
O-O 9. Nf2 d5 10. g4 d4 11. Ne2 f5 12. gxf5 exf5 13. e5 Be6 14. h4 Nd5 15. h5
Qh4 16. Nh3 Bh6 17. hxg6 hxg6 18. Rf3 Qe7 19. Rg3 Kf7 20. Ng5+ Bxg5 21. Rxg5
Rh8 22. Qf1 Rh6 23. Bf3 Rah8 24. Qg2 Qd7 25. Ng3 Nde7 26. a3 Bd5 27. c4 Bxf3
28. Qxf3 Nd8 29. Nf1 Ne6 30. Rg2 Rh1+ 31. Kf2 Qa4 32. Qe2 Qc6 33. b4 R8h3 34.
Bd2 Ng8 35. Ke1 Qa4 36. Qf2 cxb4 37. Bxb4 Nh6 38. Rb1 Qc6 39. Ba5 Rf3 40. Qe2
Rfxf1+ 41. Qxf1 Qxg2 0-1

[Event "Xtracon Chess Open 2016"]
[Site "Elsinore"]
[Date "2016.07.25"]
[Round "4.172"]
[White "Hansen, Henrik Damgaard"]
[Black "Starup, Leo"]
[Result "1-0"]
[WhiteElo "1831"]
[BlackElo "1598"]
[PlyCount "67"]
[EventDate "2016.07.23"]

1. e4 e5 2. Nf3 Nc6 3. d4 exd4 4. Nxd4 Bc5 5. Be3 Qf6 6. c3 a6 7. a3 b6 8. b4
Be7 9. g3 Bb7 10. Bg2 h5 11. Nd2 g5 12. h3 h4 13. g4 Nh6 14. Rc1 Rb8 15. N2f3
Rg8 16. Qd2 Ne5 17. Nxe5 Qxe5 18. f4 gxf4 19. Bxf4 Qg7 20. Bxh6 Qg6 21. Nf5 Bf6
22. Bf4 d6 23. O-O Rd8 24. Qe3 Bc8 25. Rcd1 Be6 26. Rf2 Rh8 27. Bf1 Kf8 28. a4
Kg8 29. Rg2 Re8 30. Bxa6 Bb3 31. Ra1 Bd5 32. Bd3 Bxc3 33. Rb1 Ba2 34. Rxa2 1-0

[Event "Xtracon Chess Open 2016"]
[Site "Elsinore"]
[Date "2016.07.25"]
[Round "4.173"]
[White "Nielsen, Henrik Wendelbo"]
[Black "Gade, Jens"]
[Result "1/2-1/2"]
[WhiteElo "1815"]
[BlackElo "1575"]
[PlyCount "88"]
[EventDate "2016.07.23"]

1. d4 d5 2. c4 c6 3. Nf3 Nf6 4. Nc3 Bf5 5. e3 e6 6. Be2 Be7 7. O-O O-O 8. b3
Nbd7 9. Bb2 Rc8 10. Rc1 b6 11. Re1 Re8 12. Nd2 Nf8 13. Nf1 Ng6 14. Ng3 Nh4 15.
Nxf5 Nxf5 16. Bd3 Nd6 17. f3 c5 18. cxd5 cxd4 19. exd4 Nxd5 20. Nxd5 exd5 21.
Ba3 Bf6 22. Bb2 Rxe1+ 23. Qxe1 Rxc1 24. Qxc1 Qd7 25. Qc2 g6 26. a4 Kg7 27. Kf2
Bh4+ 28. Kg1 Bg5 29. Qe2 Qe6 30. Kf2 Bh4+ 31. g3 Bf6 32. g4 h6 33. Qxe6 fxe6
34. Ke3 Kf7 35. h3 g5 36. Ba3 Nb7 37. Ba6 Na5 38. Bb2 Nxb3 39. Bb5 Be7 40. Bc3
Bd6 41. Kd3 Bf4 42. Kc2 Na5 43. Bxa5 bxa5 44. Kd3 Bd6 1/2-1/2

[Event "Xtracon Chess Open 2016"]
[Site "Elsinore"]
[Date "2016.07.25"]
[Round "4.174"]
[White "Nilssen, Steinar"]
[Black "Nielsen, Jens Holm"]
[Result "1/2-1/2"]
[WhiteElo "1575"]
[BlackElo "1801"]
[PlyCount "67"]
[EventDate "2016.07.23"]

1. e4 d5 2. exd5 Qxd5 3. Nc3 Qd6 4. d4 Nf6 5. Nf3 a6 6. Bc4 Bg4 7. Be3 e6 8. h3
Bh5 9. g4 Bg6 10. Qe2 Be7 11. O-O-O Nbd7 12. Bg5 O-O-O 13. Ne5 Nd5 14. Bxe7
Nxc3 15. Bxd6 Nxe2+ 16. Bxe2 cxd6 17. Nxg6 hxg6 18. f4 Nf6 19. Bf3 Rh4 20. Bg2
Nd5 21. Bxd5 exd5 22. Rde1 Kd7 23. Re3 Re8 24. Rhe1 Re4 25. Rxe4 dxe4 26. Rxe4
Rxh3 27. d5 Rg3 28. g5 Rg4 29. Kd2 f6 30. gxf6 gxf6 31. Ke3 Rg1 32. Kd2 Rg2+
33. Kd3 Rf2 34. b4 1/2-1/2

[Event "Xtracon Chess Open 2016"]
[Site "Elsinore"]
[Date "2016.07.25"]
[Round "4.175"]
[White "Rasmussen, Henning"]
[Black "Wanvik, Tim"]
[Result "1-0"]
[WhiteElo "1779"]
[BlackElo "1479"]
[PlyCount "76"]
[EventDate "2016.07.23"]

1. Nf3 d5 2. d4 Nf6 3. Bf4 c5 4. e3 Bf5 5. Bb5+ Bd7 6. Bxd7+ Nbxd7 7. h3 e6 8.
O-O Qb6 9. b3 Bd6 10. Bxd6 Qxd6 11. Nbd2 Rc8 12. c4 Nb6 13. Rc1 O-O 14. cxd5
Nfxd5 15. Ne4 Qe7 16. Nxc5 Rfd8 17. Qe2 Rd6 18. Nd3 Nc3 19. Qb2 Rdc6 20. Nc5
Ncd5 21. Ne5 R6c7 22. Ne4 f6 23. Nd3 g5 24. Rxc7 Rxc7 25. Rc1 Rxc1+ 26. Qxc1 f5
27. Nd2 g4 28. hxg4 fxg4 29. Qc5 Qh4 30. Qd6 Kf7 31. Ne5+ Kg7 32. Qxe6 Nxe3 33.
fxe3 Qe1+ 34. Nf1 g3 35. Qf7+ Kh6 36. Qf8+ Kg5 37. Nf3+ Kg6 38. Nxe1 Nd5 1-0

[Event "Xtracon Chess Open 2016"]
[Site "Elsinore"]
[Date "2016.07.25"]
[Round "4.176"]
[White "Andberg, Tor Arne Heim"]
[Black "Narheim, Mats"]
[Result "1-0"]
[WhiteElo "1727"]
[BlackElo "1467"]
[PlyCount "55"]
[EventDate "2016.07.23"]

1. e4 c5 2. Nf3 g6 3. d4 cxd4 4. Qxd4 Nf6 5. Nc3 Nc6 6. Qa4 Bg7 7. e5 Ng8 8.
Bf4 Nh6 9. h3 Qb6 10. Qb5 Qc7 11. Nd5 Qb8 12. O-O-O a6 13. Qb6 O-O 14. Nc7 Ra7
15. Bc4 a5 16. Bb5 a4 17. Bxc6 dxc6 18. Be3 Bf5 19. Qxa7 Qxc7 20. Qxa4 b5 21.
Qb4 Ra8 22. a3 Ra4 23. Qd2 Qb7 24. Bxh6 Bxh6 25. Qxh6 Qa8 26. Ng5 Rxa3 27.
Qxh7+ Kf8 28. Qxf7# 1-0

[Event "Xtracon Chess Open 2016"]
[Site "Elsinore"]
[Date "2016.07.25"]
[Round "4.177"]
[White "Glaschak, Joachim"]
[Black "Brokso, Kim"]
[Result "0-1"]
[WhiteElo "1570"]
[BlackElo "1713"]
[PlyCount "74"]
[EventDate "2016.07.23"]

1. d4 d5 2. c4 c6 3. e3 Nf6 4. Nc3 Bf5 5. cxd5 cxd5 6. Bd3 Bxd3 7. Qxd3 Nc6 8.
a3 a6 9. b4 b5 10. Nf3 Rc8 11. Bb2 g6 12. O-O Bg7 13. Nd2 e6 14. Nb3 O-O 15. f4
Ne7 16. Nc5 Qb6 17. h3 Rc7 18. g4 Rb8 19. Ne2 Ne8 20. Bc3 Nd6 21. a4 Nb7 22. a5
Qa7 23. Nxb7 Rbxb7 24. Rac1 Rc4 25. Rc2 Bf8 26. Rb1 Rbc7 27. Nc1 Nc8 28. Na2
Nd6 29. Rbb2 R7c6 30. h4 Qc7 31. h5 Ne4 32. Rb3 gxh5 33. gxh5 f5 34. Rg2+ Kh8
35. Be1 Rc2 36. Qf1 Rxg2+ 37. Qxg2 Rc2 0-1

[Event "Xtracon Chess Open 2016"]
[Site "Elsinore"]
[Date "2016.07.25"]
[Round "4.178"]
[White "Larsen, Alex"]
[Black "Kristensen, Lars Ostergaard"]
[Result "0-1"]
[WhiteElo "1442"]
[BlackElo "1710"]
[PlyCount "68"]
[EventDate "2016.07.23"]

1. e4 c6 2. Nf3 d5 3. exd5 cxd5 4. d4 Bg4 5. h3 Bf5 6. Bb5+ Nd7 7. O-O Qc7 8.
Ne5 Ngf6 9. Nc3 e6 10. Bg5 Rd8 11. Bxf6 gxf6 12. Nxd7 Rxd7 13. Bxd7+ Qxd7 14.
f3 Rg8 15. Kh1 Bd6 16. f4 e5 17. Nxd5 Qe6 18. Qf3 e4 19. Qb3 Kf8 20. c4 h5 21.
Qxb7 Bxh3 22. f5 Bxg2+ 23. Kg1 Bf3+ 24. Kf2 Rg2+ 25. Ke1 Bg3+ 26. Rf2 Bxf2+ 27.
Kd2 Bxd4+ 28. Kc1 Bxb2+ 29. Kb1 Qxf5 30. Ne3 Qf4 31. Qc8+ Kg7 32. Nf5+ Kh7 33.
Ne3 Qxe3 34. Qf5+ Kg7 0-1

[Event "Xtracon Chess Open 2016"]
[Site "Elsinore"]
[Date "2016.07.25"]
[Round "4.179"]
[White "Birkestrand, Odd H"]
[Black "Hestholm, Gustav"]
[Result "1-0"]
[WhiteElo "1676"]
[BlackElo "1055"]
[PlyCount "141"]
[EventDate "2016.07.23"]

1. e4 d5 2. exd5 Qxd5 3. Nc3 Qd6 4. d4 Nf6 5. Nf3 c6 6. Be2 Bf5 7. h3 e6 8. Be3
Nbd7 9. a3 Qc7 10. Nh4 Bg6 11. Nxg6 hxg6 12. Qd2 Bd6 13. O-O-O O-O-O 14. Bd3
Nb6 15. Qe2 Nbd5 16. Nxd5 Nxd5 17. g3 Bxa3 18. bxa3 Nc3 19. Qe1 Nxd1 20. Kxd1
Rd5 21. Qc3 Qa5 22. Qxa5 Rxa5 23. Bc1 Rd8 24. Bb2 Rh8 25. Kc1 Rah5 26. Bf1 Rd5
27. Bg2 Rd7 28. Re1 f6 29. Bc3 Re8 30. f4 Kc7 31. g4 Kc8 32. a4 Rc7 33. Bb2 c5
34. d5 Rce7 35. dxe6 Rxe6 36. Rxe6 Rxe6 37. Kd2 Ra6 38. g5 fxg5 39. fxg5 Rxa4
40. Bxg7 Rh4 41. Bf6 b5 42. Bd5 Kd7 43. Bf7 Rxh3 44. Bxg6 Ke6 45. Be8 b4 46.
Bb5 a5 47. Kc1 Rh4 48. Bd8 Rg4 49. Kb2 c4 50. Bxa5 Rxg5 51. Bxc4+ Kd7 52. Bxb4
Rg2 53. Kb3 Rxc2 54. Kxc2 Kc7 55. Kd3 Kc6 56. Kd4 Kc7 57. Bc5 Kb7 58. Kd5 Kc7
59. Bd3 Kd7 60. Bb5+ Kc7 61. Ke6 Kd8 62. Kd6 Kc8 63. Bb6 Kb7 64. Kc5 Kb8 65.
Ba5 Kb7 66. Bd8 Kb8 67. Kb6 Ka8 68. Be7 Kb8 69. Ba6 Ka8 70. Bb7+ Kb8 71. Bd6#
1-0

[Event "Xtracon Chess Open 2016"]
[Site "Elsinore"]
[Date "2016.07.25"]
[Round "4.180"]
[White "Jacobsen, Stig Jerlow"]
[Black "Haugaard, Thomas"]
[Result "0-1"]
[WhiteElo "1322"]
[BlackElo "1672"]
[PlyCount "79"]
[EventDate "2016.07.23"]

1. e4 e5 2. Nf3 Nc6 3. d4 exd4 4. Bc4 Nf6 5. e5 Ne4 6. O-O d5 7. exd6 Nxd6 8.
Re1+ Be7 9. Bb3 Bg4 10. Bd5 O-O 11. c3 Bf6 12. Qd3 dxc3 13. Nxc3 Nb4 14. Qf1
Nc2 15. Be3 Nxa1 16. Rxa1 c6 17. Bb3 Nf5 18. Rd1 Nxe3 19. fxe3 Qb6 20. Qd3 Rad8
21. Qc4 Rxd1+ 22. Nxd1 Bxf3 23. gxf3 Qd8 24. Bc2 g6 25. f4 Qd5 26. Qa4 a6 27.
Nf2 Bxb2 28. f5 Re8 29. fxg6 hxg6 30. Qb4 Rxe3 31. Kf1 Bc3 32. Qb1 Re1+ 33.
Qxe1 Bxe1 34. Kxe1 Qxa2 35. Kd2 a5 36. Nd3 b5 37. Nc5 Qd5+ 38. Nd3 c5 39. Kc1
c4 40. Nf4 0-1

[Event "Xtracon Chess Open 2016"]
[Site "Elsinore"]
[Date "2016.07.25"]
[Round "4.181"]
[White "Overmark, Ole"]
[Black "Kvaloy, Ola"]
[Result "1/2-1/2"]
[WhiteElo "1775"]
[BlackElo "1408"]
[PlyCount "137"]
[EventDate "2016.07.23"]

1. e4 c5 2. Nf3 e6 3. d4 cxd4 4. c3 Nf6 5. e5 Nd5 6. cxd4 Bb4+ 7. Bd2 Nc6 8.
Nc3 a6 9. Nxd5 Bxd2+ 10. Qxd2 exd5 11. Be2 O-O 12. O-O d6 13. Rfe1 dxe5 14.
dxe5 Re8 15. Qf4 Qb6 16. b3 Nb4 17. Rec1 Be6 18. a3 Nc6 19. b4 Rad8 20. Bd3 h6
21. Rc5 a5 22. Rb5 Qa7 23. Rc1 axb4 24. axb4 d4 25. Qe4 g6 26. h4 Bf5 27. Qe2
Bxd3 28. Qxd3 Qa6 29. Qc4 Na7 30. Rc5 Qxc4 31. R1xc4 d3 32. Nd2 Nc6 33. f4 f6
34. b5 Nd4 35. Kf2 fxe5 36. fxe5 Rf8+ 37. Ke1 Rf4 38. Nf3 Nxf3+ 39. gxf3 Rxf3
40. Kd2 Rf2+ 41. Ke3 Re2+ 42. Kf3 Re1 43. Rc8 Rxc8 44. Rxc8+ Kf7 45. Rd8 Rxe5
46. b6 Ke6 47. Rxd3 Rb5 48. Re3+ Kf5 49. Re8 Rxb6 50. Rd8 Rb3+ 51. Kg2 b5 52.
Rd5+ Ke6 53. Rc5 Kd6 54. Rc8 Ke6 55. h5 gxh5 56. Rc6+ Kf5 57. Rxh6 Kg5 58. Rd6
Kg4 59. Rd4+ Kf5 60. Rd5+ Ke4 61. Rxh5 Rb2+ 62. Kf1 Kd3 63. Rh3+ Kc2 64. Ke1 b4
65. Rg3 Rb1+ 66. Ke2 b3 67. Rg6 Kc3 68. Rc6+ Kb2 69. Kd2 1/2-1/2

[Event "Xtracon Chess Open 2016"]
[Site "Elsinore"]
[Date "2016.07.25"]
[Round "4.182"]
[White "Ornebjerg, Henrik"]
[Black "Thybo, Jan"]
[Result "1-0"]
[WhiteElo "1687"]
[BlackElo "1382"]
[PlyCount "55"]
[EventDate "2016.07.23"]

1. e4 e5 2. Nf3 Nc6 3. Bb5 a6 4. Ba4 b5 5. Bb3 Nf6 6. d3 Be7 7. c3 O-O 8. O-O
Bb7 9. Re1 Bc5 10. Bg5 h6 11. Bh4 Be7 12. Nbd2 Nh7 13. Bg3 Ng5 14. Nxe5 Nxe5
15. Bxe5 Bf6 16. Bg3 c5 17. f4 Ne6 18. Qg4 Qb6 19. Rad1 c4+ 20. Bf2 Qd6 21. e5
Bxe5 22. fxe5 Qxd3 23. Nxc4 Qh7 24. Nd6 Bc6 25. Bh4 h5 26. Qg3 Kh8 27. Be7 Rg8
28. Nxf7# 1-0

[Event "Xtracon Chess Open 2016"]
[Site "Elsinore"]
[Date "2016.07.25"]
[Round "4.183"]
[White "Kvaloy, Aksel Bu"]
[Black "Hviid, Hans Henrik"]
[Result "1-0"]
[WhiteElo "1533"]
[BlackElo "1367"]
[PlyCount "95"]
[EventDate "2016.07.23"]

1. e4 e5 2. Nf3 d6 3. d4 Nc6 4. Bb5 Bd7 5. Nc3 a6 6. Bxc6 Bxc6 7. dxe5 dxe5 8.
Qxd8+ Rxd8 9. Nxe5 Bb4 10. Nxc6 Bxc3+ 11. bxc3 bxc6 12. O-O Nf6 13. Bf4 Rc8 14.
Rab1 O-O 15. f3 Ne8 16. Rfd1 c5 17. Rd7 Nf6 18. Rxc7 Rxc7 19. Bxc7 Rc8 20. Rb8
Rxb8 21. Bxb8 Nd7 22. Ba7 c4 23. Kf2 Ne5 24. Bd4 Nc6 25. Ke3 f6 26. Kf4 Kf7 27.
e5 g5+ 28. Ke4 fxe5 29. Bxe5 Ke6 30. Bc7 h6 31. g4 a5 32. a4 Kf6 33. Kd5 Ne7+
34. Kxc4 Kg6 35. Bxa5 h5 36. h3 Nc6 37. Bc7 hxg4 38. hxg4 Kf6 39. a5 Ne5+ 40.
Bxe5+ Kxe5 41. a6 Kf4 42. a7 Kxf3 43. a8=Q+ Kxg4 44. Qg2+ Kh5 45. Kd5 g4 46.
Ke5 Kh4 47. Kf4 g3 48. Qh1# 1-0

[Event "Xtracon Chess Open 2016"]
[Site "Elsinore"]
[Date "2016.07.25"]
[Round "4.184"]
[White "Frederiksen, Jacob"]
[Black "Tryggestad, Linnea Garberg"]
[Result "1/2-1/2"]
[WhiteElo "1382"]
[BlackElo "1525"]
[PlyCount "55"]
[EventDate "2016.07.23"]

1. e4 c6 2. d4 d5 3. exd5 cxd5 4. Bf4 Nc6 5. Nf3 Bg4 6. Be2 Nf6 7. Nc3 e6 8.
Nb5 Rc8 9. O-O a6 10. Nc3 Bd6 11. Bg5 h6 12. Bh4 O-O 13. h3 Bxf3 14. Bxf3 Be7
15. Re1 Qb6 16. Ne2 Qxb2 17. Rb1 Qxa2 18. Rxb7 Qa5 19. Nf4 g5 20. Nxe6 fxe6 21.
Rxe6 Qc3 22. Bxg5 Qxd4 23. Qc1 Ba3 24. Qb1 Ne4 25. Rg6+ Kh8 26. Rxh6+ Kg8 27.
Rg6+ Kh8 28. Rh6+ 1/2-1/2

[Event "Xtracon Chess Open 2016"]
[Site "Elsinore"]
[Date "2016.07.25"]
[Round "4.185"]
[White "Gaure, Sigurd Lauvas"]
[Black "Nielsen, Bent K"]
[Result "1-0"]
[WhiteElo "1514"]
[BlackElo "1349"]
[PlyCount "59"]
[EventDate "2016.07.23"]

1. e4 Nf6 2. e5 Nd5 3. Bc4 e6 4. Nc3 Nxc3 5. dxc3 Be7 6. Nf3 Nc6 7. O-O O-O 8.
Bf4 f6 9. Nd4 Nxe5 10. Bb3 Ng6 11. Bg3 d5 12. c4 c6 13. Qh5 Kh8 14. cxd5 cxd5
15. c3 e5 16. Bc2 e4 17. Nb5 Ne5 18. Bxe5 fxe5 19. Qxe5 Rf5 20. Qd4 Qb6 21.
Qxb6 axb6 22. Bb3 Bc5 23. Bxd5 Bd7 24. Bxe4 Bxf2+ 25. Rxf2 Rxf2 26. Kxf2 Rf8+
27. Kg1 Bxb5 28. Bxb7 h6 29. b3 Bd3 30. Rd1 {1-0 Frederiksen,J (1382)
-Tryggestad,L (1525)/Elsinore 2016 (30)} 1-0

[Event "Xtracon Chess Open 2016"]
[Site "Elsinore"]
[Date "2016.07.25"]
[Round "4.186"]
[White "Hina, Ariza"]
[Black "Shehzad, Alisha"]
[Result "0-1"]
[WhiteElo "1370"]
[BlackElo "1514"]
[PlyCount "64"]
[EventDate "2016.07.23"]

1. e4 c5 2. Nf3 Nc6 3. d4 cxd4 4. Nxd4 g6 5. Nxc6 bxc6 6. Bc4 Bg7 7. Nc3 d6 8.
Be3 Nf6 9. h3 O-O 10. O-O Nxe4 11. Bd4 Nxc3 12. Bxc3 Bxc3 13. bxc3 d5 14. Bb3
Be6 15. Re1 Rb8 16. Re3 c5 17. a3 c4 18. Ba2 Rb2 19. Qc1 Rb5 20. Rg3 Bf5 21. h4
h5 22. Qg5 Kh7 23. Qe3 Qc7 24. Rc1 Qc5 25. Qxc5 Rxc5 26. Bb1 Ra5 27. Re1 Be6
28. Rg5 Rb8 29. f3 Rxa3 30. Kf2 Ra1 31. g4 Raxb1 32. Ree5 f6 0-1

[Event "Xtracon Chess Open 2016"]
[Site "Elsinore"]
[Date "2016.07.25"]
[Round "4.187"]
[White "Skjolingstad, Sverre"]
[Black "Cithu, Arjun Vijay"]
[Result "1-0"]
[WhiteElo "1509"]
[BlackElo "1330"]
[PlyCount "73"]
[EventDate "2016.07.23"]

1. e4 e6 2. d4 d5 3. Nd2 Nf6 4. e5 Nfd7 5. Bd3 c5 6. c3 Nc6 7. Ngf3 cxd4 8.
cxd4 Qb6 9. O-O Nxd4 10. Nxd4 Qxd4 11. Nf3 Qb6 12. Qa4 Be7 13. Qg4 Bf8 14. b3
Qb4 15. Qg3 Qc3 16. Qg5 Qxd3 17. Bb2 Qg6 18. Qf4 Nc5 19. Rac1 Nd3 20. Qa4+ Bd7
21. Qa5 Bb4 22. Qc7 Bc6 23. Rxc6 Nf4 24. g3 Qg4 25. Nh4 Ne2+ 26. Kg2 O-O 27.
Qxb7 Rab8 28. Qc7 Nf4+ 29. Kg1 Nh3+ 30. Kg2 Rbc8 31. Qxc8 Rxc8 32. Rxc8+ Bf8
33. Ba3 Nf4+ 34. Kh1 g5 35. Bxf8 h5 36. gxf4 gxf4 37. Rg1 1-0